000 00319nam a22001097a 4500
008 221101b |||||||| |||| 00| 0 eng d
020 _a9780495912149
050 _aP .106 .F56 2012
245 _aLanguage:
_bits structure and use/
300 _a564P.
_c24cm
942 _2lcc
_cBOOKS
_hP .106 .F56 2012
999 _c29150
_d29150